Vida : (Record no. 1550)

MARC details
000 -LÍDER
Campo Fixo de Controle 01200nam a2200241 4500
001 - NÚMERO DE CONTROLE
Campo de Controle 1550
003 - IDENTIFICAÇÃO DO NÚMERO DE CONTROLE
Campo de Controle BR-CuiBMT
005 - DATA E HORA DA ÚLTIMA ATUALIZAÇÃO
Campo de Controle 20231217141857.0
008 - DADOS FIXOS
Dados Fixos 231214s2012 dfba f001 p por d
040 ## - AGÊNCIA CATALOGADORA
Código da Agência Catalogadora BR-CuiBMT
Agência que transcreveu o registro BR-CuiBMT
080 ## - Nº DA CLASSIFICAÇÃO DECIMAL UNIVERSAL
Nº edição CDU 2007
Nº Class. CDU 82-1
Subd. Auxiliar Comum (817.2)
090 ## - NÚMERO DE CHAMADA
Nº classificação 82-1(817.2)
Cutter B823v
110 1# - ENTRADA PRINCIPAL -- ENTIDADE
Nome da entidade ou lugar Brasil.
Unidade subordinada Congresso Nacional.
-- Senado Federal.
-- Comissão de Meio Ambiente, Defesa do Consumidor e Fiscalização e Controle.
245 10 - TÍTULO PRINCIPAL
Título principal Vida :
Subtítulo uma poesia ao cerrado /
Indicação de responsabilidade Senado Federal, Comissão de Meio Ambiente, Defesa do Consumidor e Fiscalização e Controle ; fotos: Rubens Matsushita e Aurelice Vasconcelos ; seleção de imagens e poesias: Jeanitto Gentilini e Aurelice Vasconcelos ; revisão: Suely Bueno.
260 ## - PUBLICAÇÃO, DISTRIBUIÇÃO, ETC.
Local de publicação Brasília :
Editora Senado Federal, Secretaria Especial de Editoração e Publicações,
Data 2012.
300 ## - DESCRIÇÃO FÍSICA
N. páginas ou volumes [176 p.] :
Ilustrações principalmente il. color. ;
Dimensões 23 x 28 cm
650 ## - ASSUNTO TÓPICO
Cabeçalho tópico ou nome geográfico Cerrados
Subdivisão geográfica Brasil
Subdivisão geral Poesia
650 ## - ASSUNTO TÓPICO
Cabeçalho tópico ou nome geográfico Poesia brasileira
700 1# - ENTRADA SECUNDÁRIA -- NOME PESSOAL
Nome pessoal Matsushita, Rubens
Termo de relação fotografia
700 1# - ENTRADA SECUNDÁRIA -- NOME PESSOAL
Nome pessoal Vasconcelos, Aurelice
Termo de relação fotografia
856 4# - LOCALIZAÇÃO E ACESSO ELETRÔNICO
Endereço eletrônico (URI) <a href="https://livraria.senado.leg.br/vida-uma-poesia-ao-cerrado">https://livraria.senado.leg.br/vida-uma-poesia-ao-cerrado</a>
Texto do link Disponível também online.
Localização e acesso eletrônico 14/12/2023
942 ## - ELEMENTOS DE ENTRADA ADICIONAIS (KOHA)
Fonte de classificação ou esquema de arquivamento Classificação Decimal Universal
Tipo de item do Koha Livros
Holdings
Estado: removido Estado: perdido Fonte de classificação ou esquema de arquivamento Estado: danificado Indisponível para empréstimo Localização permanente Localização atual Data de aquisição Total Checkouts Número de Chamada completo Código de barras Date last seen Número do exemplar Preço efetivo a partir de Tipo de item (Koha)
    Classificação Decimal Universal     Biblioteca da Escola Superior de Contas do TCE/MT Biblioteca da Escola Superior de Contas do TCE/MT 14/12/2023   82-1(817.2) B823v BIBTCEMT23120527 14/12/2023 Ex. 1 14/12/2023 Livros

Powered by Koha